| 000 | 00688nam a22001937a 4500 | ||
|---|---|---|---|
| 003 | AUA.1 | ||
| 005 | 20251121113209.0 | ||
| 008 | 251121b |||||||| |||| 00| 0 eng d | ||
| 020 | _a9781839735363 | ||
| 040 | _cJTL | ||
| 050 |
_aBV4911 _b.C46 2023 |
||
| 100 |
_aChornobai, Valeriia _eauthor. |
||
| 245 |
_aBetter than one : _ba Biblical view of loneliness / _cValeriia Chornobai and Viktoriia Hrytsenko. |
||
| 260 |
_aCumbria, UK : _bLangham Global Library; _cc2023. |
||
| 300 |
_axiv, 186 pages : _billustrations : _c23 cm. |
||
| 650 |
_aLoneliness _vReligious aspects _xChristianity |
||
| 700 |
_aHrytsenko, Viktoriia _eauthor. |
||
| 942 |
_2lcc _cBOOK _hBV 4911 _i.C46 2023 |
||
| 999 |
_c25289 _d25289 |
||